| 000 | 01158nam a2200289Ia 4500 | ||
|---|---|---|---|
| 001 | ebr10229721 | ||
| 003 | CaPaEBR | ||
| 006 | m u | ||
| 007 | cr cn||||||||| | ||
| 008 | 000815s2008 enk sb 000 0 eng d | ||
| 020 | _z9781846637445 | ||
| 040 |
_aCaPaEBR _cCaPaEBR |
||
| 035 | _a(OCoLC)646747673 | ||
| 050 | 1 | 4 |
_aHF5667 _b.M3632 2008eb |
| 245 | 0 | 0 |
_aManagerial finance. _nVolume 34, Number 2, _pEffects of computer innovation on financial practice _h[electronic resource] / _cGuest editor: Drew B. Winters. |
| 260 |
_a[Bradford, England] : _bEmerald, _c2008. |
||
| 300 | _ap. 74-138. | ||
| 490 | 0 |
_aManagerial finance ; _vv. 34, no. 2 |
|
| 504 | _aIncludes bibliographical references. | ||
| 533 |
_aElectronic reproduction. _bPalo Alto, Calif. : _cebrary, _d2013. _nAvailable via World Wide Web. _nAccess may be limited to ebrary affiliated libraries. |
||
| 650 | 0 | _aAuditing. | |
| 650 | 0 | _aManagement. | |
| 655 | 7 |
_aElectronic books. _2local |
|
| 700 | 1 | _aWinters, Drew B. | |
| 710 | 2 | _aebrary, Inc. | |
| 856 | 4 | 0 |
_uhttp://site.ebrary.com/lib/rucke/Doc?id=10229721 _zAn electronic book accessible through the World Wide Web; click to view |
| 999 |
_c39039 _d39039 |
||